Estadísticas para 15 principales países afectados por Covid19 - 28 abril 2021

Haz click aquí para intentar la prueba.

Estadísticas generales

  • Esta prueba ha sido intentada 5 veces
  • La puntuación promedio es 17 de 28

Estadísticas de respuestas

país% Correcto
Alemania
100%
España
100%
Estados Unidos
100%
Francia
100%
India
100%
Italia
100%
Argentina
75%
Brasil
75%
Colombia
75%
Irán
75%
México
75%
Reino Unido
75%
Rusia
75%
Suecia
75%
Bélgica
50%
Chequia
50%
Hungría
50%
Países Bajos
50%
Portugal
50%
Turquía
50%
Baréin
25%
Croacia
25%
Eslovenia
25%
Estonia
25%
Israel
25%
Lituania
25%
Panamá
25%
Polonia
25%

Distribución de puntuación

Porcentaje por número respondido

Porcentaje de gente con cada puntuación

Historial de tus puntuaciones

No has intentado esta prueba.